| 000 | 00783nam a2200217Ia 4500 | ||
|---|---|---|---|
| 003 | GCL | ||
| 008 | 140319s9999 xx 000 0 ara d | ||
| 020 | _a2194344977 | ||
| 040 |
_aGCL / _cGCL |
||
| 082 | 0 | 4 |
_a216.2 _bأ م |
| 100 | 1 | _aابراهيم عوض | |
| 245 | 1 | 0 |
_aالمستشرقون والقرآن : _bدراسة لترجمات نفر من المستشرقون الفرنسيين للقرآن وآرائهم فيه / _cابراهيم عوض |
| 250 | _aالاولى | ||
| 260 |
_aالقاهرة : _bمكتبة زهراء الشرق ، _c2003 |
||
| 300 |
_a195 ص ؛ _c24 سم |
||
| 650 | 0 | 4 | _aالاستشراق والمستشرقون |
| 650 | 0 | 4 | _aالقران |
| 650 | 0 | 4 | _aالقران - علوم |
| 650 | 0 | 4 | _aالقران - دفع مطاعن |
| 942 |
_2ddc _cBK |
||
| 999 |
_c6336 _d6336 |
||